000 00794nmm a2200265 a 4500
001 ocm000643226
003 TR-IsHL
005 20201028132254.0
008 131030s2009 tu tur
007 cr cn
020 _a9789944157032
035 _a643226
_b(N$T)
050 0 4 _aPL248.E79
_bS5 2009
090 0 4 _aPL248.E79
_bS5 2009
100 1 _aErzurum, Kenan
245 1 0 _aSitem
_h[electronic resource] /
_cKenan Erzurum
260 _aİstanbul :
_bHiperlink Yayınları,
_c2009
300 _a187 p.
650 4 _aDil ve Edebiyat
650 4 _aLanguage and Literature
650 0 _aTürk şiiri
650 0 _aTurkish poetry
650 7 _aPOETRY / Middle Eastern
_2bisacsh
856 4 0 _uhttp://search.ebscohost.com/login.aspx?direct=true&scope=site&db=e011xww&AN=643226
999 _c5004
_d5004